Geography Quiz

Random Geography or City Quiz

Major Cities Ranked: Germany Quiz Stats

 Plays Quiz not verified by Sporcle

Challenge
Share
Tweet
Embed
Score 0/76 Timer 10:00
0 Plays Today
POPULATION CITY % Correct
3,421,829Berlin
100%
1,746,342Hamburg
99.7%
1,407,836Munich
99.3%
1,034,175Cologne
98%
701,350Frankfurt am Main
97.6%
598,686Düsseldorf
95.3%
604,297Stuttgart
94.9%
575,944Dortmund
93.6%
530,754Dresden
93.3%
569,884Essen
92.9%
548,547Bremen
91.6%
531,562Leipzig
91.2%
518,386Hanover
91.2%
498,876Nuremberg
89.6%
311,287Bonn
84.2%
276,542Augsburg
83.2%
486,855Duisburg
82.8%
241,533Kiel
81.8%
204,268Mainz
81.8%
241,683Aachen
81.8%
296,690Mannheim
81.1%
203,431Rostock
79.5%
328,864Bielefeld
77.4%
220,286Freiburg
77.1%
361,734Bochum
76.8%
299,103Karlsruhe
76.1%
343,488Wuppertal
75.8%
161,468Potsdam
75.8%
273,871Wiesbaden
73.7%
299,708Münster
73.1%
204,880Erfurt
73.1%
212,958Lübeck
73.1%
257,850Gelsenkirchen
71.7%
242,022Chemnitz
70.7%
177,201Saarbrücken
70.7%
152,113Heidelberg
70.4%
255,430Mönchengladbach
69.7%
231,021Magdeburg
69.4%
POPULATION CITY % Correct
122,457Wolfsburg
68%
119,218Ulm
67.7%
231,565Halle
67%
160,819Leverkusen
67%
247,227Braunschweig
65.3%
194,087Kassel
64.3%
149,743Darmstadt
64.3%
107,679Jena
63%
156,315Osnabrück
62.3%
129,136Ingolstadt
62%
110,643Koblenz
59.6%
108,844Bremerhaven
57.9%
140,276Regensburg
57.6%
161,518Ludwigshafen am Rhein
57.2%
209,097Oberhausen
56.2%
159,610Oldenburg
56.2%
176,048Hamm
55.9%
124,698Würzburg
55.2%
107,233Trier
55.2%
222,058Krefeld
53.2%
143,659Paderborn
53.2%
116,891Göttingen
51.5%
155,768Solingen
49.8%
119,203Offenbach am Main
49.2%
185,996Hagen
48.8%
119,808Fürth
48.5%
152,252Neuss
45.8%
154,417Herne
42.4%
166,640Mülheim an der Ruhr
39.4%
105,624Erlangen
37.7%
118,122Heilbronn
37%
115,320Recklinghausen
36.7%
117,754Pforzheim
33.7%
116,055Bottrop
32.7%
111,357Reutlingen
32.7%
109,425Bergisch Gladbach
29.6%
108,955Remscheid
24.2%
103,108Moers
23.6%

You're not logged in!

Compare scores with friends on all Sporcle quizzes.
Join for Free
OR
Log In

You Might Also Like...

Show Comments

Extras

Top Quizzes Today


Score Distribution

Your Account Isn't Verified!

In order to create a playlist on Sporcle, you need to verify the email address you used during registration. Go to your Sporcle Settings to finish the process.

Report this User

Report this user for behavior that violates our Community Guidelines.

Details: